| 000 | 00000nam 2200000za 4500 |
| 001 | 9.840273 |
| 003 | CaOODSP |
| 005 | 20221107151813 |
| 007 | cr ||||||||||| |
| 008 | 170725q2016 onc |o f|0| 0 eng d |
| 040 | |aCaOODSP|beng |
| 043 | |an-cn--- |
| 086 | 1 |aT86-28/2016E-PDF |
| 245 | 00|aCANUTEC |h[electronic resource] : |bCanadian Transport Emergency Centre. |
| 260 | |aOttawa : |bTransport Canada, |c[2016]. |
| 300 | |a4 p. |
| 500 | |aIssued also in French under title: CANUTEC : Centre canadien d'urgence transport. |
| 500 | |a"Transportation of dangerous goods"--Cover. |
| 500 | |aCover title. |
| 520 | |a"CANUTEC is Transport Canada's Canadian Transport Emergency Centre. It deals with nearly 1 000 emergency situations and handles over 22 000 telephone calls, each year!"--p. 2. |
| 692 | 07|2gccst|aHazardous materials transport |
| 692 | 07|2gccst|aEmergency services |
| 710 | 1 |aCanada. |bTransport Canada. |
| 775 | 08|tCANUTEC |w(CaOODSP)9.840280 |
| 856 | 40|qPDF|s1.32 MB|uhttps://publications.gc.ca/collections/collection_2017/tc/T86-28-2016-eng.pdf |